| 000 | 00964nam a2200289Ia 4500 | ||
|---|---|---|---|
| 005 | 20220822154439.0 | ||
| 008 | 210716s1989 xx 000 0 und d | ||
| 020 | _a8181285026 | ||
| 040 | _cAIMIT LIBRARY | ||
| 041 | _aeng | ||
| 082 |
_a574.80285 _21 _bEWEW |
||
| 100 |
_aEwens, Warren J. _955029 |
||
| 245 |
_aStatistical methods in bioinformatics : _bintroduction / _cBy Warren j Ewens and Gregory R Grant; Edited by M. Gail...[et.al]. |
||
| 250 | _a1st ed. | ||
| 260 |
_aNew York : _bSpringer ; _c1989. |
||
| 300 |
_axix, 476p. ; _c22.5 cm. |
||
| 650 |
_aMany random variables _955030 |
||
| 650 |
_aRandom walks _955031 |
||
| 650 |
_aPoisson processes and markov chains _955032 |
||
| 700 |
_aGrant, Gregory R. _955033 |
||
| 700 |
_aGail, M., ed. _955186 |
||
| 700 |
_aKrickeberg, K.,ed. _955187 |
||
| 700 |
_aSamet, J., ed. _955188 |
||
| 700 |
_aTsiatis, A., ed. _955189 |
||
| 700 |
_aWong, W., ed. _955190 |
||
| 942 |
_2ddc _cBK _e1st _k574.80285 EWEW |
||
| 999 |
_c186363 _d186363 |
||